|
|
|
|
| LEADER |
01575nam a2200325 u 4500 |
| 001 |
10030566 |
| 003 |
upatras |
| 005 |
20210117210042.0 |
| 008 |
090713s1993 uk eng |
| 020 |
|
|
|a 0333519086
|
| 040 |
|
|
|a GR-PaULI
|c GR-PaULI
|
| 041 |
0 |
|
|a eng
|
| 082 |
0 |
4 |
|a 414
|
| 100 |
1 |
|
|a Carr, Philip
|9 59611
|
| 245 |
1 |
0 |
|a Phonology
|c Philip Car
|
| 260 |
|
|
|a Houndmills
|b The Macmillan Press
|c 1993
|
| 300 |
|
|
|a xi, 324 p.
|b fig.
|c 24 cm.
|
| 490 |
0 |
|
|a Modern linguistics series
|
| 504 |
|
|
|a Includes bibliographical references and indexes
|
| 650 |
|
4 |
|a Γλωσσολογία
|x Φωνολογία
|9 1313
|
| 760 |
0 |
|
|a Modern linguistics series
|
| 852 |
|
|
|a GR-PaULI
|b ΠΑΤΡΑ
|b ΒΚΠ
|b ΒΣ1
|k ΑΣΧΞ
|h 414 CAR
|m 051894
|p 025000068069
|t 1
|
| 852 |
|
|
|a GR-PaULI
|b ΠΑΤΡΑ
|b ΠΤΔΕ
|k ΑΣΧΞ
|h 414 CAR
|m 6649
|p 025000073804
|t 3
|
| 852 |
|
|
|a GR-PaULI
|b ΠΑΤΡΑ
|b ΦΙΛΟΛΟΓΙΑ
|k ΑΣΧΞ
|h 414 C
|m 051893
|p 025000068070
|t 2
|
| 942 |
|
|
|2 ddc
|c BK15
|
| 952 |
|
|
|0 0
|1 0
|4 0
|6 414_000000000000000_CAR
|7 0
|9 199754
|a LISP
|b LISP
|c BSC
|d 2016-04-24
|i 051894
|l 1
|o 414 CAR
|p 025000068069
|r 2016-08-17 00:00:00
|s 2016-07-11
|t 1
|w 2016-04-24
|y BK15
|
| 952 |
|
|
|0 0
|1 0
|4 0
|6 414_000000000000000_CAR
|7 0
|9 199755
|a PTDE
|b PTDE
|d 2016-04-24
|i 6649
|l 0
|o 414 CAR
|p 025000073804
|r 2016-04-24 00:00:00
|t 3
|w 2016-04-24
|y BK15
|
| 952 |
|
|
|0 0
|1 0
|2 ddc
|4 0
|6 414_000000000000000_C
|7 0
|9 199756
|a LISP
|b LISP
|c ALFa
|d 2016-04-24
|i 051893
|l 0
|o 414 C
|p 025000068070
|r 2016-04-24 00:00:00
|t 2
|w 2016-04-24
|y BK15
|x Μεταφορά Τμήματος Φιλολογίας
|
| 998 |
|
|
|c ΑΒΑΚΟΜΙΔΗ
|d 2009-07
|
| 999 |
|
|
|c 122462
|d 122462
|